Manažer a jeho image.

Dôležitou vlastnosťou riadiaceho pracovníka je vonkajšia reprezentácia založená na dvoch zásadách: elegancia a striedmosť. Ďalej je to spôsob držania tela, gestikulácia, mimika, istota, odvaha, sústredenosť, schopnosť účelne komunikovať, organizačný talent, schopnosť riešiť komplikované problémy. Je...

Ausführliche Beschreibung

Gespeichert in:
Bibliographische Detailangaben
1. Verfasser: Horáková, Iveta
Format: Buchkapitel
Sprache:Tschechisch
Schlagworte:
Tags: Tag hinzufügen
Keine Tags, Fügen Sie das erste Tag hinzu!

MARC

LEADER 00000naa a2200000 4500
001 r011799
005 20220826093437.9
041 0 |a cze 
044 |a [CS] 
245 1 0 |a Manažer a jeho image.  |c Iveta Horáková 
520 |a Dôležitou vlastnosťou riadiaceho pracovníka je vonkajšia reprezentácia založená na dvoch zásadách: elegancia a striedmosť. Ďalej je to spôsob držania tela, gestikulácia, mimika, istota, odvaha, sústredenosť, schopnosť účelne komunikovať, organizačný talent, schopnosť riešiť komplikované problémy. Jedným z rozhodujúcich predpokladov vynikajúceho manažéra je "pozitívne myslenie". 
610 2 0 |a manažéri 
610 2 0 |a imidž 
610 2 0 |a osobnosť 
100 1 |a Horáková, Iveta